La Declaración de Grenada de la CARICOM /

Shranjeno v:
Bibliografske podrobnosti
Glavni avtor: Arrocemena, Rafael
Drugi avtorji: trad
Format: Texto
Oznake: Označite
Brez oznak, prvi označite!

MARC

LEADER 00000 a a2200000 04500
001 5588
003
040
100 |a Arrocemena, Rafael  
245 |a La Declaración de Grenada de la CARICOM /  |c Rafael Arrocemena 
700 |a trad  
773 |g número 5; páginas 134-141  
999 |c 27001  |d 27001